000 00801nam a22002537a 4500
001 72689
003 BD-RjUL
005 20211209082310.0
008 170522r19761975njua|||| |||| 001 0 eng d
035 _a(BD-RjUL)72907
040 _aBD-RjUL
_beng
_cBD-RjUL
041 _aeng
082 _223
_a631.53
_bHAP 1976
100 1 _aHartmann, Hudson T.
_9215021
245 1 0 _aPlant propagation :
_bprinciples and practices /
_cHudson T. Hartmann and Dale E. Kester.
250 _a3rd ed.
260 _aNew Delhi :
_bPrentice-Hall of India,
_cc1975 [printing 1976].
300 _aviii,662 p. :
_bill. ;
_c24 cm.
500 _aIncludes index.
650 _aPlant propagation.
_9202025
650 _aPlantes
_xMultiplication.
_9215022
700 _aKester, Dale E.
_9215023
_qJoint authors
942 _2ddc
_cBK
999 _c72689
_d72689